000 00669nam a2200265Ia 4500
005 20260121170225.0
008 008 260114s9999 xx 000 0 eng d
020 _a9783319632544
037 _aEBOOK
040 _aCRL
040 _beng
040 _cCRL
041 _2eng
041 _aeng
084 _qCRL
100 _aHavidán Rodríguez, William Donner, Joseph E. Trainor
_91061308
245 0 _aHandbook of Disaster Research
260 _bSpringer
260 _bSpringer
260 _c2018
856 _uhttps://link.springer.com/openurl?genre=book&isbn=978-3-319-63254-4
942 _cEBOOK
999 _c1627037
_d1627037